000 00408nam a2200145Ia 4500
008 100204s9999 xx 000 0 und d
082 _b8612
100 _aकाळे वैजयंती
245 _aतडा
260 _b"राजेंद्र पब्लिकेशन्स , पुणे 30"
_c1986
300 _a158
630 _aतडा
730 _aतडा
942 _cBOOK
999 _c453048
_d453045